00751nam a2200193Ia 4500008004100000100001800041245007700059245012000136260003900256260000900295300001800304440005400322650002100376650002300397650002400420650002200444999001900466952007200485170419s9999 xx 000 0 und d aChiappe, Dan. aEvaluating probe techniques and a situated theory of situation awareness cDan Chiappe, Corey A. Morgan, Joshua Kraut, Jason Ziccardi, Lindsay Sturre, Thomas Z. Strybel, and Kim-Phoung L. Vu bAmerican Psychological Association c2016 aDecember 2016 aJournal of Experimental Psychology: Appliedv22:4 aPROBE TECHNIQUES aSITUATED COGNITION aSITUATION AWARENESS aTASK INTERRUPTION c329539d329539 001040aCLbCLd2017-04-19l0r2017-04-19 00:00:00w2017-04-19ySE